000 00599nab a2200229 a 4500
001 20094
003 54729
005 20201118095921.0
008 ||||||n9999 ||| || ||
041 _aspa
100 _aRosas Vega, Gabriel
245 0 _aEl laberinto fiscal del 92
260 _aBogotá :
_bNueva Frontera,
300 _app. 5-8
562 _e0
650 _aCOMENTARIO EDITORIAL
650 _aPOLÍTICA DE GASTOS PÚBLICOS--COLOMBIA
650 _aPRESUPUESTO DE RENTAS
650 _aPROGRAMACIÓN PRESUPUESTAL
773 _020088
_aNueva Frontera - No.856
942 _cSART
999 _c20094
_d20094